000
00322nam a2200133Ia 4500
008
151001s9999||||xx |||||||||||||| ||und||
100
_a
बी आर आंबेडकर
245
_a
शुद्र कौन
250
_a
1
260
_b
कंचन
260
_c
2007
300
_a
148
365
_b
21
999
_c
989298
_d
989295